[Event "Merida World Heritage op 1st"]
[Site "Merida"]
[Date "2021.08.07"]
[Round "7"]
[White "Hernandez Gonzalez, Manuel"]
[Black "Olivera Gutierrez, Albert"]
[Result "0-1"]
[WhiteElo "1625"]
[BlackElo "2097"]
[PlyCount "86"]
[EventDate "2021.08.04"]
[EventType "swiss"]
[EventRounds "9"]
[EventCountry "ESP"]
[SourceTitle "EXT 2023"]
[Source "ChessBase"]
[SourceDate "2022.10.05"]
[SourceVersion "1"]
[SourceVersionDate "2022.10.05"]
[SourceQuality "1"]

1. e4 Nf6 2. e5 Nd5 3. d4 d6 4. c4 Nb6 5. exd6 cxd6 6. Be3 g6 7. Nc3 Bg7 8. h3 Bf5 9. Nf3 0-0 10. Be2 Nc6 11. b3 d5 12. c5 Nc8 13. Rc1 Be4 14. Nxe4 dxe4 15. Ng5 Nxd4 16. Nxe4 Qd5 17. Bf3 Nxf3+ 18. Qxf3 Qd3 19. Bf4 Qxf3 20. gxf3 f5 21. Nc3 e5 22. Be3 Ne7 23. 0-0 f4 24. Bd2 Nf5 25. Ne4 Rad8 26. Nd6 Nh4 27. Bc3 Nxf3+ 28. Kg2 Nh4+ 29. Kg1 Rd7 30. Rfd1 Rfd8 31. Rd5 Nf5 32. Rcd1 Ne7 33. R5d2 b6 34. b4 bxc5 35. bxc5 Nc6 36. Kg2 Bf8 37. Kf3 Bxd6 38. Rxd6 Rxd6 39. Rxd6 Rxd6 40. cxd6 Kf7 41. Ke4 Ke6 42. d7 g5 43. Ba5 Kxd7 0-1

[Event "Merida World Heritage op 1st"]
[Site "Merida"]
[Date "2021.08.04"]
[Round "1"]
[White "De Nacimiento Montano, Angel"]
[Black "Hernandez Gonzalez, Manuel"]
[Result "1-0"]
[WhiteElo "2185"]
[BlackElo "1625"]
[PlyCount "35"]
[EventDate "2021.08.04"]
[EventType "swiss"]
[EventRounds "9"]
[EventCountry "ESP"]
[SourceTitle "EXT 2023"]
[Source "ChessBase"]
[SourceDate "2022.10.05"]
[SourceVersion "1"]
[SourceVersionDate "2022.10.05"]
[SourceQuality "1"]

1. d4 d5 2. Bf4 Nf6 3. e3 g6 4. h4 Bg7 5. Nc3 e6 6. h5 Nxh5 7. Rxh5 gxh5 8. Qxh5 Nc6 9. Nb5 e5 10. dxe5 Be6 11. Nf3 h6 12. 0-0-0 Qe7 13. Bg3 0-0-0 14. Bh4 f6 15. Nc3 Rd7 16. Bb5 Qf8 17. Nd4 Nxe5 18. Nxe6 1-0